=LDR 00000nam 2200000 4500 =001 001217 =005 20250712121147 =035 ##$$a 0010-0725000699 =007 ta =008 250712################a##########0#ind## =020 ##$$a 978-623-472-405-9 =082 ##$$a 398.209 598 =084 ##$$a 398.209 598 MAL d =100 #$$a mala kumar =245 1#$$a di mana gogo? /$c mala kumar =250 ##$$a pertama =260 ##$$a jakarta :$b badan pengembangan dan pembinaan bahasa,$c 2022 =300 ##$$a 16hlm. : $b ilus. ; $c 22,9cm =650 #4$$a cerita anak indonesia terjemahan =650 #4$$a literasi bahan bacaan